STOCKLEY'S DRUG INTERACTION (Record no. 33102)

MARC details
000 -LEADER
fixed length control field 00350nam a22001577a 4500
003 - CONTROL NUMBER IDENTIFIER
control field SGT
020 ## - INTERNATIONAL STANDARD BOOK NUMBER
International Standard Book Number 978-0-85711-347-4
082 ## - DEWEY DECIMAL CLASSIFICATION NUMBER
Classification number 615
Item number PRE
100 ## - MAIN ENTRY--PERSONAL NAME
Personal name PRESTON, CLAIRE L.
245 ## - TITLE STATEMENT
Title STOCKLEY'S DRUG INTERACTION
250 ## - EDITION STATEMENT
Edition statement 12TH
260 ## - PUBLICATION, DISTRIBUTION, ETC. (IMPRINT)
Place of publication, distribution, etc U.K.
Name of publisher, distributor, etc PHP PUB.
Year of Publication 2019
300 ## - PAGE DESCRIPTION
No. of Pages 2019
650 ## - SUBJECT ADDED ENTRY--TOPICAL TERM
Topical term or geographic name as entry element DRUG INTERACTION
942 ## - ADDED ENTRY ELEMENTS (KOHA)
Source of classification or shelving scheme Dewey Decimal Classification
Koha item type Books
Holdings
Withdrawn status Lost status Source of classification or shelving scheme Damaged status Not for loan Collection code Home library Current library Shelving location Date acquired Vendor Name SGTU Bill Number Total Checkouts Full call number Accession No. (Barcode) Date last seen Bill Date Koha item type
    Dewey Decimal Classification   Not For Loan SCIENCE SGT Science & Social Sciences Library SGT Science & Social Sciences Library Reference Book 01/11/2025 ABC SGTU 21721   615 PRE DP1590 01/11/2025 17/09/2025 Books